[Event "Verbandsliga Sued Baden 0809"]
[Site "Germany"]
[Date "2009.03.08"]
[Round "7.6"]
[White "Gierth, Hans Joachim"]
[Black "Brennenstuhl, Oliver"]
[Result "1-0"]
[WhiteElo "2248"]
[BlackElo "2019"]
[PlyCount "107"]
[EventDate "2008.09.28"]
[EventType "team"]
[EventRounds "9"]
[EventCountry "GER"]
[SourceTitle "EXT 2010"]
[Source "ChessBase"]
[SourceDate "2010.11.25"]
[SourceVersion "1"]
[SourceVersionDate "2010.11.25"]
[SourceQuality "1"]
[WhiteTeam "Dreisamtal"]
[BlackTeam "Lahr"]
[WhiteTeamCountry "GER"]
[BlackTeamCountry "GER"]

1. d4 Nf6 2. Bf4 e6 3. e3 b6 4. Nf3 Bb7 5. c4 Be7 6. Nc3 Nh5 7. Bg3 Nxg3 8. hxg3 d6 9. Bd3 Nd7 10. Qc2 h6 11. d5 e5 12. Nh4 Bxh4 13. Rxh4 Nc5 14. Bf5 Bc8 15. 0-0-0 Bxf5 16. Qxf5 Qd7 17. Qc2 a5 18. Rdh1 0-0-0 19. b3 f5 20. f3 Rdf8 21. e4 fxe4 22. Nxe4 Nxe4 23. Qxe4 Qf5 24. Qxf5+ Rxf5 25. Kd2 Rhf8 26. Ke3 Kb7 27. Rg4 R8f7 28. a3 Re7 29. b4 axb4 30. axb4 Rf8 31. Ra1 Ra8 32. Rxa8 Kxa8 33. c5 bxc5 34. bxc5 Kb7 35. Rb4+ Kc8 36. c6 g5 37. Ke4 Rf7 38. Rb1 Rf6 39. Rb4 Rf7 40. Ke3 Rf6 41. g4 Rf7 42. g3 Re7 43. Re4 Kb8 44. Ra4 Re8 45. Kf2 Rf8 46. f4 exf4 47. gxf4 gxf4 48. Kf3 Re8 49. Rxf4 Re5 50. Rf5 Rxf5+ 51. gxf5 Kc8 52. Kg4 Kd8 53. Kh5 Ke7 54. Kg6 1-0

[Event "Verbandsliga Sued Baden 0809"]
[Site "Germany"]
[Date "2009.01.11"]
[Round "5.6"]
[White "Gierth, Hans Joachim"]
[Black "Kick, Joachim"]
[Result "1-0"]
[WhiteElo "2248"]
[BlackElo "2190"]
[PlyCount "59"]
[EventDate "2008.09.28"]
[EventType "team"]
[EventRounds "9"]
[EventCountry "GER"]
[SourceTitle "EXT 2010"]
[Source "ChessBase"]
[SourceDate "2010.11.25"]
[SourceVersion "1"]
[SourceVersionDate "2010.11.25"]
[SourceQuality "1"]
[WhiteTeam "Dreisamtal"]
[BlackTeam "Kuppenheim"]
[WhiteTeamCountry "GER"]
[BlackTeamCountry "GER"]

1. d4 d5 2. Bf4 c5 3. e3 Nc6 4. Nc3 a6 5. a3 cxd4 6. exd4 Bf5 7. Nf3 g6 8. Ne5 Bg7 9. Nxc6 bxc6 10. Na4 Nf6 11. Be2 Nd7 12. g4 Be6 13. Qd2 f6 14. h4 Bf7 15. g5 f5 16. h5 0-0 17. hxg6 hxg6 18. Be3 c5 19. c3 cxd4 20. cxd4 e5 21. f4 exf4 22. Bxf4 Re8 23. Nc3 Nb6 24. 0-0-0 Qc8 25. Kb1 Nc4 26. Bxc4 Qxc4 27. Qh2 Be6 28. Be5 Ra7 29. Qh7+ Kf8 30. Qxg6 1-0

[Event "Verbandsliga Sued Baden 0809"]
[Site "Germany"]
[Date "2008.09.28"]
[Round "1.5"]
[White "Saering, Patrick"]
[Black "Gierth, Hans Joachim"]
[Result "1/2-1/2"]
[WhiteElo "2182"]
[BlackElo "2248"]
[PlyCount "92"]
[EventDate "2008.09.28"]
[EventType "team"]
[EventRounds "9"]
[EventCountry "GER"]
[SourceTitle "EXT 2010"]
[Source "ChessBase"]
[SourceDate "2010.11.25"]
[SourceVersion "1"]
[SourceVersionDate "2010.11.25"]
[SourceQuality "1"]
[WhiteTeam "Waldshut"]
[BlackTeam "Dreisamtal"]
[WhiteTeamCountry "GER"]
[BlackTeamCountry "GER"]

1. d4 d5 2. c4 c6 3. Nc3 e6 4. Nf3 Nf6 5. Bg5 h6 6. Bh4 Nbd7 7. e3 Be7 8. Qc2 Ne4 9. Bxe7 Qxe7 10. a3 Ng5 11. Nd2 Nh7 12. Bd3 Nhf6 13. 0-0 dxc4 14. Nxc4 e5 15. Rae1 0-0 16. Nxe5 Nxe5 17. dxe5 Qxe5 18. f4 Qc5 19. Ne4 Nxe4 20. Bxe4 Qxc2 21. Bxc2 Rd8 22. h3 Be6 23. Rd1 Kf8 24. e4 f6 25. Kf2 Ke7 26. Ke3 a5 27. Rfe1 c5 28. f5 Bc4 29. Kf4 Rxd1 30. Rxd1 b5 31. e5 fxe5+ 32. Kxe5 b4 33. Rd6 Ra6 34. Rxa6 Bxa6 35. g4 Bc4 36. h4 Bf7 37. g5 hxg5 38. hxg5 c4 39. axb4 axb4 40. Bb1 c3 41. bxc3 bxc3 42. Bc2 Ba2 43. Kd4 Kd6 44. Kxc3 Ke5 45. f6 gxf6 46. gxf6 Kxf6 1/2-1/2

[Event "Oberliga Baden 0708"]
[Site "Germany"]
[Date "2008.04.20"]
[Round "9.3"]
[White "Gierth, Hans Joachim"]
[Black "Trabert, Lukas"]
[Result "1-0"]
[WhiteElo "2279"]
[BlackElo "2161"]
[PlyCount "99"]
[EventDate "2007.10.21"]
[EventType "team-tourn"]
[EventRounds "9"]
[EventCountry "GER"]
[SourceTitle "EXT 2009"]
[Source "ChessBase"]
[SourceDate "2008.11.26"]
[SourceVersion "1"]
[SourceVersionDate "2008.11.26"]
[SourceQuality "1"]
[WhiteTeam "Dreisamtal"]
[BlackTeam "Zaehringen"]
[WhiteTeamCountry "GER"]
[BlackTeamCountry "GER"]

1. d4 Nf6 2. Nf3 e6 3. Bf4 b6 4. e3 Be7 5. h3 Bb7 6. Bd3 Be4 7. c4 0-0 8. Nc3 d5 9. Bxe4 Nxe4 10. Nxe4 dxe4 11. Nd2 f5 12. 0-0 Bd6 13. Bxd6 cxd6 14. b4 Nc6 15. Qb3 d5 16. c5 Qg5 17. f4 exf3 18. Nxf3 Qg3 19. cxb6 axb6 20. Rac1 Rac8 21. Qa4 Qd6 22. a3 Ne7 23. Ne5 Ra8 24. Qb3 Rf6 25. a4 Ng6 26. Rc6 Qd8 27. Rfc1 h6 28. Qc2 Kh7 29. Ra1 Nxe5 30. dxe5 Rg6 31. Qd2 Qg5 32. Qf2 Rf8 33. Rc2 f4 34. exf4 Rxf4 35. Qd2 Qxe5 36. Re1 Qf5 37. Ra2 d4 38. a5 bxa5 39. bxa5 Qd5 40. a6 Rf8 41. a7 Ra8 42. Ra5 Qb7 43. h4 Kh8 44. h5 Rg3 45. Rxe6 Rb3 46. Qxd4 Rb4 47. Qe5 Qf7 48. Re7 Qf8 49. Ra6 Kh7 50. Rg6 1-0

[Event "Oberliga Baden 0708"]
[Site "Germany"]
[Date "2008.04.06"]
[Round "8.4"]
[White "Gierth, Hans Joachim"]
[Black "Nekrasov, Mihail"]
[Result "1-0"]
[WhiteElo "2279"]
[BlackElo "2388"]
[PlyCount "75"]
[EventDate "2007.10.21"]
[EventType "team-tourn"]
[EventRounds "9"]
[EventCountry "GER"]
[SourceTitle "EXT 2009"]
[Source "ChessBase"]
[SourceDate "2008.11.26"]
[SourceVersion "1"]
[SourceVersionDate "2008.11.26"]
[SourceQuality "1"]
[WhiteTeam "Dreisamtal"]
[BlackTeam "Hockenheim"]
[WhiteTeamCountry "GER"]
[BlackTeamCountry "GER"]

1. d4 Nf6 2. Nf3 e6 3. Bf4 c5 4. e3 b6 5. Bd3 Bb7 6. Nbd2 cxd4 7. exd4 Be7 8. c3 0-0 9. h3 d6 10. Qe2 a6 11. 0-0 Nbd7 12. Ne4 Qc7 13. Rfe1 Rfe8 14. Nfg5 Bf8 15. Bh2 h6 16. Nxf6+ Nxf6 17. Ne4 Nxe4 18. Bxe4 Bxe4 19. Qxe4 Qd7 20. d5 e5 21. f3 f5 22. Qd3 b5 23. Kh1 Be7 24. Rac1 Rab8 25. b3 Bd8 26. c4 Bg5 27. Rc2 bxc4 28. Rxc4 Rbc8 29. Bg1 Rxc4 30. bxc4 Qa4 31. a3 Kh8 32. Qxf5 Qxc4 33. Qg6 Rd8 34. Bb6 Qh4 35. Re4 Bf4 36. Bxd8 Qxd8 37. Rc4 Qb8 38. Qf5 1-0

[Event "Oberliga Baden 0708"]
[Site "Germany"]
[Date "2007.12.09"]
[Round "4.4"]
[White "Gierth, Hans Joachim"]
[Black "Guenthner, Oliver"]
[Result "1/2-1/2"]
[WhiteElo "2279"]
[BlackElo "2230"]
[PlyCount "136"]
[EventDate "2007.10.21"]
[EventType "team-tourn"]
[EventRounds "9"]
[EventCountry "GER"]
[SourceTitle "EXT 2009"]
[Source "ChessBase"]
[SourceDate "2008.11.26"]
[SourceVersion "1"]
[SourceVersionDate "2008.11.26"]
[SourceQuality "1"]
[WhiteTeam "Dreisamtal"]
[BlackTeam "Neuhausen"]
[WhiteTeamCountry "GER"]
[BlackTeamCountry "GER"]

1. d4 d5 2. Bf4 Bf5 3. e3 e6 4. c4 Bxb1 5. Qxb1 Bb4+ 6. Kd1 Bd6 7. Bxd6 Qxd6 8. c5 Qe7 9. Bd3 Nf6 10. Nf3 Nbd7 11. Ke2 e5 12. dxe5 Nxe5 13. Nxe5 Qxe5 14. Qc2 0-0 15. Kf1 b6 16. c6 Rfe8 17. h4 Re6 18. Rd1 Qd6 19. Rc1 g6 20. Be2 h5 21. Bf3 Rd8 22. Qa4 a5 23. Rc2 Ne4 24. a3 Nc5 25. Qd4 a4 26. g4 hxg4 27. Qxg4 Qe5 28. h5 Rxc6 29. hxg6 Rxg6 30. Qh4 Qf6 31. Qh5 Rg5 32. Qh4 Kf8 33. Ke2 Ke7 34. Rd1 Rf5 35. Qg3 Re5 36. Rd4 c6 37. Rf4 Qg6 38. Qh4+ Qg5 39. Qxg5+ Rxg5 40. Rb4 d4 41. exd4 Nb3 42. Ke3 c5 43. dxc5 bxc5 44. Re4+ Kf6 45. Rxa4 Nd4 46. Rc3 Rg1 47. Ra6+ Kg7 48. Rxc5 Re1+ 49. Kf4 Ne6+ 50. Rxe6 Rxe6 51. Be4 Rd2 52. f3 Rxb2 53. a4 Rb4 54. Ra5 Rc6 55. Ra7 Kf6 56. Kg3 Rc5 57. a5 Ke6 58. a6 Rg5+ 59. Kf2 Ra5 60. Ra8 Rba4 61. Bb7 f5 62. Kg3 Ra1 63. Re8+ Kf7 64. Rc8 Kf6 65. Rf8+ Ke7 66. Rc8 R1a4 67. Rc6 Kd7 68. Rf6 Ke7 1/2-1/2

[Event "Verbandsliga Sued Baden 0607"]
[Site "Germany"]
[Date "2007.03.11"]
[Round "7.6"]
[White "Cepo, Toni"]
[Black "Gierth, Hans Joachim"]
[Result "1/2-1/2"]
[WhiteElo "1962"]
[BlackElo "2160"]
[PlyCount "93"]
[EventDate "2006.10.22"]
[EventType "team"]
[EventRounds "9"]
[EventCountry "GER"]
[SourceTitle "EXT 2008"]
[Source "ChessBase"]
[SourceDate "2007.11.25"]
[SourceVersion "1"]
[SourceVersionDate "2007.11.25"]
[SourceQuality "1"]
[WhiteTeam "Konstanz"]
[BlackTeam "Dreisamtal"]
[WhiteTeamCountry "GER"]
[BlackTeamCountry "GER"]

1. e4 c6 2. d4 d5 3. e5 Bf5 4. Ne2 e6 5. Ng3 Ne7 6. c3 Nd7 7. Na3 a6 8. Nc2 c5 9. Ne3 g6 10. Ngxf5 Nxf5 11. Nxf5 gxf5 12. a3 Qh4 13. Be2 h5 14. g3 Qh3 15. Bf1 Qg4 16. Be2 Qg6 17. h4 f6 18. Bf4 fxe5 19. dxe5 Bg7 20. Qa4 c4 21. Qb4 Rb8 22. 0-0-0 Qf7 23. Rhe1 Qe7 24. Qa4 Kf7 25. Bf3 Nc5 26. Qc2 Nd3+ 27. Rxd3 cxd3 28. Qxd3 Kg6 29. Kb1 Bh6 30. Qe3 Bxf4 31. Qxf4 Rbc8 32. Be2 Kg7 33. Rd1 b5 34. Rd4 Rh7 35. a4 Rc5 36. Rb4 bxa4 37. Rxa4 a5 38. Ra3 Rh8 39. Rb3 Rc7 40. Qa4 Ra7 41. Rb5 Qc7 42. Qf4 Qe7 43. Qa4 Qd8 44. Qd4 Qe7 45. Qa4 Qc7 46. Qf4 Qe7 47. Qa4 1/2-1/2

[Event "Verbandsliga Sued Baden 0506"]
[Site "Germany"]
[Date "2006.05.07"]
[Round "9.6"]
[White "Gierth, Hans Joachim"]
[Black "Klaus, Ingo"]
[Result "1-0"]
[WhiteElo "2184"]
[BlackElo "2083"]
[PlyCount "73"]
[EventDate "2005.10.16"]
[EventType "team"]
[EventRounds "9"]
[EventCountry "GER"]
[SourceTitle "EXT 2007"]
[Source "ChessBase"]
[SourceDate "2006.11.23"]
[SourceVersion "1"]
[SourceVersionDate "2006.11.23"]
[SourceQuality "1"]
[WhiteTeam "Dreisamtal"]
[BlackTeam "Engen"]
[WhiteTeamCountry "GER"]
[BlackTeamCountry "GER"]

1. d4 Nf6 2. Nf3 e6 3. Bf4 c5 4. e3 Qb6 5. Qc1 d5 6. Nbd2 Nc6 7. c3 Bd7 8. Bd3 Rc8 9. Qb1 h6 10. 0-0 Be7 11. a4 0-0 12. a5 Qd8 13. dxc5 Bxc5 14. h3 Re8 15. Ne5 Bf8 16. Rd1 g5 17. Bh2 Bg7 18. f4 Nxa5 19. Kh1 gxf4 20. Bxf4 Nc6 21. Ndf3 a6 22. e4 Qe7 23. Nxd7 Nxd7 24. exd5 exd5 25. Bf5 d4 26. cxd4 Red8 27. Ra3 Qb4 28. Bg3 Ne7 29. Bh7+ Kh8 30. d5 Rc4 31. Re3 Nf6 32. Bd3 Rcc8 33. d6 Ned5 34. Ne5 Kg8 35. Rf3 Nh5 36. Bh7+ Kh8 37. Nxf7# 1-0